[Event "Tournoi norme de MI"]
[Site "PARIS"]
[Date "????.??.??"]
[Round "7.1"]
[White "Laurent, Julien G."]
[Black "Duboue, Peio"]
[Result "1/2-1/2"]
[TimeControl "90mn+30s/c"]
[WhiteElo "2199"]
[BlackElo "2462"]

1. d4 {[%emt 00:01:21]} d5 {[%clk 01:29:37]} {[%emt 00:00:07]} 2. c4 {[%clk
01:31:15]} {[%emt 00:00:09]} dxc4 {[%clk 01:30:04]} {[%emt 00:00:03]} 3. Nf3
{[%clk 01:31:38]} {[%emt 00:00:08]} Nf6 {[%clk 01:30:30]} {[%emt 00:00:04]} 4.
e3 {[%clk 01:32:01]} {[%emt 00:00:07]} e6 {[%clk 01:30:55]} {[%emt 00:00:05]} 5.
Bxc4 {[%clk 01:32:21]} {[%emt 00:00:10]} c5 {[%clk 01:31:19]} {[%emt 00:00:06]}
6. O-O {[%clk 01:32:41]} {[%emt 00:00:09]} Nc6 {[%clk 01:31:43]} {[%emt
00:00:07]} 7. Qe2 {[%clk 01:32:51]} {[%emt 00:00:20]} a6 {[%clk 01:32:02]}
{[%emt 00:00:11]} 8. a4 {[%clk 01:33:11]} {[%emt 00:00:10]} cxd4 {[%clk
01:32:03]} {[%emt 00:00:29]} 9. Rd1 {[%clk 01:33:34]} {[%emt 00:00:07]} Be7
{[%clk 01:32:27]} {[%emt 00:00:06]} 10. exd4 {[%clk 01:33:49]} {[%emt
00:00:15]} O-O {[%clk 01:32:48]} {[%emt 00:00:08]} 11. Nc3 {[%clk 01:34:10]}
{[%emt 00:00:09]} Nb4 {[%clk 01:33:12]} {[%emt 00:00:06]} 12. Ne5 {[%clk
01:31:48]} {[%emt 00:02:52]} Bd7 {[%clk 01:33:36]} {[%emt 00:00:06]} 13. d5
{[%clk 01:23:54]} {[%emt 00:08:25]} exd5 {[%clk 01:32:49]} {[%emt 00:01:17]} 14.
Bxd5 {[%clk 01:23:59]} {[%emt 00:00:25]} Nbxd5 {[%clk 01:32:51]} {[%emt
00:00:28]} 15. Nxd5 {[%clk 01:24:13]} {[%emt 00:00:17]} Nxd5 {[%clk 01:33:16]}
{[%emt 00:00:04]} 16. Rxd5 {[%clk 01:24:23]} {[%emt 00:00:20]} Bg4 {[%clk
01:33:34]} {[%emt 00:00:11]} 17. Qc4 {[%clk 00:44:06]} {[%emt 00:40:47]} Qxd5
{[%clk 01:33:58]} {[%emt 00:00:07]} 18. Qxd5 {[%clk 00:44:34]} {[%emt
00:00:02]} Rad8 {[%clk 01:34:21]} {[%emt 00:00:07]} 19. Qb3 {[%clk 00:45:01]}
{[%emt 00:00:03]} Rd1+ {[%clk 01:34:46]} {[%emt 00:00:04]} 20. Qxd1 {[%clk
00:45:27]} {[%emt 00:00:05]} Bxd1 {[%clk 01:35:14]} {[%emt 00:00:03]} 21. Bg5
{[%clk 00:45:35]} {[%emt 00:00:21]} Bxg5 {[%clk 01:35:42]} {[%emt 00:00:02]} 22.
Rxd1 {[%clk 00:46:03]} {[%emt 00:00:03]} Rc8 {[%clk 01:34:49]} {[%emt
00:01:22]} 23. g3 {[%clk 00:43:50]} {[%emt 00:02:42]} Bf6 {[%clk 01:32:03]}
{[%emt 00:03:17]} 24. Rd5 {[%clk 00:39:18]} {[%emt 00:05:03]} g6 {[%clk
01:14:40]} {[%emt 00:17:52]} 25. Kg2 {[%clk 00:27:47]} {[%emt 00:12:01]} Rc2
{[%clk 01:08:10]} {[%emt 00:07:00]} 26. b4 {[%clk 00:21:06]} {[%emt 00:07:11]}
Bxe5 {[%clk 01:06:44]} {[%emt 00:01:57]} 27. Rxe5 {[%clk 00:21:34]} {[%emt
00:00:02]} Rc4 {[%clk 01:07:09]} {[%emt 00:00:05]} 28. b5 {[%clk 00:21:48]}
{[%emt 00:00:16]} Rxa4 {[%clk 01:07:34]} {[%emt 00:00:05]} 29. bxa6 {[%clk
00:22:12]} {[%emt 00:00:06]} Rxa6 {[%clk 01:06:13]} {[%emt 00:01:51]} 30. Re7
{[%clk 00:21:55]} {[%emt 00:00:47]} Rb6 {[%clk 01:06:06]} {[%emt 00:00:38]} 31.
g4 {[%clk 00:20:29]} {[%emt 00:01:55]} g5 {[%clk 00:43:09]} {[%emt 00:23:26]}
32. h4 {[%clk 00:20:55]} {[%emt 00:00:05]} h6 {[%clk 00:43:25]} {[%emt
00:00:15]} 33. Rc7 {[%clk 00:19:59]} {[%emt 00:01:26]} Kg7 {[%clk 00:43:00]}
{[%emt 00:00:55]} 34. h5 {[%clk 00:17:43]} {[%emt 00:02:46]} Kf6 {[%clk
00:42:46]} {[%emt 00:00:44]} 35. f3 {[%clk 00:17:25]} {[%emt 00:00:48]} Ke6
{[%clk 00:42:41]} {[%emt 00:00:34]} 36. Kg3 {[%clk 00:17:16]} {[%emt 00:00:39]}
Rb2 {[%clk 00:26:02]} {[%emt 00:17:09]} 37. Kh3 {[%clk 00:16:54]} {[%emt
00:00:52]} Kf6 {[%clk 00:25:55]} {[%emt 00:00:38]} 38. Kg3 {[%clk 00:16:42]}
{[%emt 00:00:41]} Kg7 {[%clk 00:25:41]} {[%emt 00:00:44]} 39. Rd7 {[%clk
00:15:51]} {[%emt 00:01:21]} b5 {[%clk 00:25:50]} {[%emt 00:00:21]} 40. Rb7
{[%clk 00:15:59]} {[%emt 00:00:21]} b4 {[%clk 00:26:19]} {[%emt 00:00:01]} 41.
Kh3 {[%clk 00:15:15]} {[%emt 00:01:14]} b3 {[%clk 00:26:43]} {[%emt 00:00:07]}
42. Kg3 {[%clk 00:15:42]} {[%emt 00:00:03]} Rb1 {[%clk 00:26:59]} {[%emt
00:00:15]} 43. Kg2 {[%clk 00:15:54]} {[%emt 00:00:17]} Kf8 {[%clk 00:27:22]}
{[%emt 00:00:07]} 44. Rb6 {[%clk 00:16:06]} {[%emt 00:00:18]} Kg7 {[%clk
00:26:52]} {[%emt 00:01:00]} 45. Rb7 {[%clk 00:16:35]} {[%emt 00:00:02]} Kg8
{[%clk 00:25:52]} {[%emt 00:01:30]} 46. Rb8+ {[%clk 00:16:34]} {[%emt
00:00:30]} Kh7 {[%clk 00:26:12]} {[%emt 00:00:10]} 47. Rb7 {[%clk 00:16:57]}
{[%emt 00:00:07]} Kg7 {[%clk 00:26:40]} {[%emt 00:00:02]} 48. Kh2 {[%clk
00:13:46]} {[%emt 00:03:42]} Kf8 {[%clk 00:26:10]} {[%emt 00:01:00]} 49. Rb6
{[%clk 00:14:00]} {[%emt 00:00:15]} Kg7 {[%clk 00:26:05]} {[%emt 00:00:35]} 50.
Rb7 {[%clk 00:14:25]} {[%emt 00:00:05]} Kf8 {[%clk 00:26:09]} {[%emt 00:00:26]}
51. Rb6 {[%clk 00:14:54]} {[%emt 00:00:02]} b2 {[%clk 00:26:33]} {[%emt
00:00:06]} 52. Kg2 {[%clk 00:14:30]} {[%emt 00:00:53]} Ke7 {[%clk 00:27:02]}
{[%emt 00:00:01]} 53. Rb7+ {[%clk 00:13:55]} {[%emt 00:01:05]} Kd6 {[%clk
00:27:18]} {[%emt 00:00:13]} 54. Rb5 {[%clk 00:14:06]} {[%emt 00:00:18]} Kc6
{[%clk 00:27:04]} {[%emt 00:00:45]} 55. Rb8 {[%clk 00:14:29]} {[%emt 00:00:07]}
Kc5 {[%clk 00:27:23]} {[%emt 00:00:11]} 56. Rb7 {[%clk 00:13:52]} {[%emt
00:01:06]} Kd4 {[%clk 00:27:39]} {[%emt 00:00:14]} 57. Rd7+ {[%clk 00:13:46]}
{[%emt 00:00:36]} Ke3 {[%clk 00:28:07]} {[%emt 00:00:01]} 58. Re7+ {[%clk
00:14:07]} {[%emt 00:00:09]} Kd3 {[%clk 00:28:31]} {[%emt 00:00:07]} 59. Rd7+
{[%clk 00:14:33]} {[%emt 00:00:04]} Kc4 {[%clk 00:28:52]} {[%emt 00:00:09]} 60.
Rc7+ {[%clk 00:14:49]} {[%emt 00:00:14]} Kd5 {[%clk 00:29:11]} {[%emt
00:00:11]} 61. Rb7 {[%clk 00:14:57]} {[%emt 00:00:19]} f5 {[%clk 00:24:19]}
{[%emt 00:05:24]} 62. gxf5 {[%clk 00:14:53]} {[%emt 00:00:35]} Ke5 {[%clk
00:24:43]} {[%emt 00:00:06]} 63. Rb5+ {[%clk 00:14:59]} {[%emt 00:00:23]} Kf6
{[%clk 00:25:12]} {[%emt 00:00:02]} 64. Kh2 {[%clk 00:13:52]} {[%emt 00:01:37]}
Rf1 {[%clk 00:22:28]} {[%emt 00:03:14]} 65. Rxb2 {[%clk 00:14:16]} {[%emt
00:00:07]} Rxf3 {[%clk 00:22:07]} {[%emt 00:00:51]} 66. Rb6+ {[%clk 00:14:40]}
{[%emt 00:00:06]} Kg7 {[%clk 00:22:19]} {[%emt 00:00:18]} 67. Rb7+ {[%clk
00:15:05]} {[%emt 00:00:05]} Kf6 {[%clk 00:22:38]} {[%emt 00:00:12]} 68. Rb6+
{[%clk 00:15:31]} {[%emt 00:00:04]} Kxf5 {[%clk 00:23:01]} {[%emt 00:00:07]} 69.
Rxh6 {[%clk 00:15:55]} {[%emt 00:00:06]} Kg4 {[%clk 00:23:09]} {[%emt
00:00:22]} 70. Ra6 {[%clk 00:14:37]} {[%emt 00:01:48]} Kxh5 {[%clk 00:23:32]}
{[%emt 00:00:06]} 71. Kg2 {[%clk 00:15:06]} {[%emt 00:00:01]} Re3 {[%clk
00:23:51]} {[%emt 00:00:11]} 72. Ra1 {[%clk 00:15:31]} {[%emt 00:00:05]} Kh4
{[%clk 00:24:11]} {[%emt 00:00:09]} 73. Kg1 {[%clk 00:16:00]} {[%emt 00:00:02]}
g4 {[%clk 00:24:26]} {[%emt 00:00:15]} 74. Rb1 {[%clk 00:16:29]} {[%emt
00:00:01]} 1/2-1/2



[ePGN "0.1;DGT LiveChess/2.2.5"]

[Event "Tournoi norme de MI"]
[Site "PARIS"]
[Date "????.??.??"]
[Round "8.5"]
[White "Navrotescu, Andreea"]
[Black "Laurent, Julien G."]
[Result "1-0"]
[TimeControl "90mn+30s/c"]
[WhiteElo "2228"]
[BlackElo "2199"]

1. c4 {[%clk 01:30:57]} {[%emt 00:00:02]} e6 {[%clk 01:29:05]} {[%emt
00:01:49]} 2. Nc3 {[%clk 01:31:19]} {[%emt 00:00:13]} d5 {[%clk 01:29:27]}
{[%emt 00:00:08]} 3. d4 {[%clk 01:31:42]} {[%emt 00:00:07]} Nf6 {[%clk
01:29:51]} {[%emt 00:00:06]} 4. Nf3 {[%clk 01:30:30]} {[%emt 00:01:42]} Be7
{[%clk 01:30:04]} {[%emt 00:00:16]} 5. Bf4 {[%clk 01:30:52]} {[%emt 00:00:09]}
O-O {[%clk 01:30:22]} {[%emt 00:00:12]} 6. e3 {[%clk 01:31:13]} {[%emt
00:00:09]} c5 {[%clk 01:25:28]} {[%emt 00:05:24]} 7. dxc5 {[%clk 01:31:30]}
{[%emt 00:00:14]} Bxc5 {[%clk 01:25:26]} {[%emt 00:00:32]} 8. a3 {[%clk
01:31:39]} {[%emt 00:00:21]} Be7 {[%clk 01:17:06]} {[%emt 00:08:51]} 9. Qc2
{[%clk 01:28:35]} {[%emt 00:03:33]} Qa5 {[%clk 01:16:00]} {[%emt 00:01:37]} 10.
Rd1 {[%clk 01:27:17]} {[%emt 00:01:47]} Nc6 {[%clk 01:14:32]} {[%emt 00:01:58]}
11. Be2 {[%clk 01:18:24]} {[%emt 00:09:23]} dxc4 {[%clk 01:07:52]} {[%emt
00:07:10]} 12. Bxc4 {[%clk 01:18:37]} {[%emt 00:00:18]} e5 {[%clk 00:31:01]}
{[%emt 00:37:21]} 13. Bg3 {[%clk 01:18:55]} {[%emt 00:00:11]} Bg4 {[%clk
00:31:18]} {[%emt 00:00:13]} 14. O-O {[%clk 01:18:45]} {[%emt 00:00:40]} Rad8
{[%clk 00:25:03]} {[%emt 00:06:44]} 15. Rxd8 {[%clk 01:17:55]} {[%emt
00:01:21]} Bxd8 {[%clk 00:24:54]} {[%emt 00:00:39]} 16. Ng5 {[%clk 01:14:53]}
{[%emt 00:03:31]} Bh5 {[%clk 00:22:39]} {[%emt 00:02:45]} 17. Qb3 {[%clk
00:56:48]} {[%emt 00:18:36]} Qb6 {[%clk 00:21:19]} {[%emt 00:01:50]} 18. Qa2
{[%clk 00:56:56]} {[%emt 00:00:22]} h6 {[%clk 00:17:38]} {[%emt 00:04:11]} 19.
Nf3 {[%clk 00:56:13]} {[%emt 00:01:12]} Re8 {[%clk 00:14:38]} {[%emt 00:03:31]}
20. b4 {[%clk 00:56:01]} {[%emt 00:00:42]} a6 {[%clk 00:14:51]} {[%emt
00:00:17]} 21. Nh4 {[%clk 00:53:30]} {[%emt 00:03:01]} Bc7 {[%clk 00:11:24]}
{[%emt 00:03:57]} 22. Nf5 {[%clk 00:50:37]} {[%emt 00:03:23]} Ne7 {[%clk
00:10:53]} {[%emt 00:01:02]} 23. Nh4 {[%clk 00:45:32]} {[%emt 00:05:35]} g5
{[%clk 00:06:36]} {[%emt 00:04:47]} 24. Nf3 {[%clk 00:45:42]} {[%emt 00:00:19]}
Nf5 {[%clk 00:07:02]} {[%emt 00:00:05]} 25. Nd2 {[%clk 00:44:44]} {[%emt
00:01:27]} Bg6 {[%clk 00:05:41]} {[%emt 00:01:52]} 26. Nd5 {[%clk 00:38:37]}
{[%emt 00:06:38]} Nxd5 {[%clk 00:06:07]} {[%emt 00:00:04]} 27. Bxd5 {[%clk
00:38:59]} {[%emt 00:00:08]} Kg7 {[%clk 00:05:10]} {[%emt 00:01:27]} 28. Ne4
{[%clk 00:36:26]} {[%emt 00:03:03]} Nxg3 {[%clk 00:04:18]} {[%emt 00:01:22]} 29.
Nxg3 {[%clk 00:36:00]} {[%emt 00:00:56]} e4 {[%clk 00:03:53]} {[%emt 00:00:56]}
30. Rc1 {[%clk 00:33:41]} {[%emt 00:02:49]} Re7 {[%clk 00:03:50]} {[%emt
00:00:32]} 31. Qc4 {[%clk 00:31:36]} {[%emt 00:02:34]} f5 {[%clk 00:02:56]}
{[%emt 00:01:25]} 32. Qc3+ {[%clk 00:30:59]} {[%emt 00:01:08]} Qf6 {[%clk
00:03:20]} {[%emt 00:00:06]} 33. Qc4 {[%clk 00:24:33]} {[%emt 00:06:55]} h5
{[%clk 00:03:17]} {[%emt 00:00:33]} 34. Ne2 {[%clk 00:23:50]} {[%emt 00:01:13]}
Qe5 {[%clk 00:02:56]} {[%emt 00:00:51]} 35. g3 {[%clk 00:22:28]} {[%emt
00:01:52]} b5 {[%clk 00:02:48]} {[%emt 00:00:38]} 36. Qa2 {[%clk 00:20:59]}
{[%emt 00:01:59]} Be8 {[%clk 00:02:29]} {[%emt 00:00:50]} 37. Nd4 {[%clk
00:19:59]} {[%emt 00:01:30]} a5 {[%clk 00:00:50]} {[%emt 00:02:09]} 38. Be6
{[%clk 00:19:52]} {[%emt 00:00:36]} Bf7 {[%clk 00:00:39]} {[%emt 00:00:41]} 39.
Rc5 {[%clk 00:19:35]} {[%emt 00:00:47]} 1-0

[Event "Tournoi norme de MI"]
[Site "PARIS"]
[Date "????.??.??"]
[Round "8.2"]
[White "Willems, Niels"]
[Black "Mouhamad, Joachim"]
[Result "1/2-1/2"]
[TimeControl "90mn+30s/c"]
[WhiteElo "2337"]
[BlackElo "2301"]

1. e4 {[%clk 01:30:53]} {[%emt 00:00:04]} c5 {[%clk 01:30:03]} {[%emt
00:00:57]} 2. Nf3 {[%clk 01:31:09]} {[%emt 00:00:13]} d6 {[%clk 01:29:41]}
{[%emt 00:00:53]} 3. d4 {[%clk 01:31:17]} {[%emt 00:00:21]} cxd4 {[%clk
01:30:03]} {[%emt 00:00:08]} 4. Nxd4 {[%clk 01:31:40]} {[%emt 00:00:07]} Nf6
{[%clk 01:30:09]} {[%emt 00:00:24]} 5. Nc3 {[%clk 01:31:58]} {[%emt 00:00:12]}
g6 {[%clk 01:27:44]} {[%emt 00:02:56]} 6. Be3 {[%clk 01:31:42]} {[%emt
00:00:46]} Bg7 {[%clk 01:28:03]} {[%emt 00:00:12]} 7. f3 {[%clk 01:30:55]}
{[%emt 00:01:16]} Nc6 {[%clk 01:27:56]} {[%emt 00:00:38]} 8. Qd2 {[%clk
01:30:52]} {[%emt 00:00:32]} O-O {[%clk 01:28:14]} {[%emt 00:00:12]} 9. O-O-O
{[%clk 01:30:51]} {[%emt 00:00:30]} Nxd4 {[%clk 01:28:31]} {[%emt 00:00:13]} 10.
Bxd4 {[%clk 01:30:31]} {[%emt 00:00:50]} Be6 {[%clk 01:28:55]} {[%emt
00:00:06]} 11. g4 {[%clk 01:28:20]} {[%emt 00:02:41]} Qa5 {[%clk 01:28:49]}
{[%emt 00:00:37]} 12. Kb1 {[%clk 01:17:53]} {[%emt 00:10:56]} Rfc8 {[%clk
01:29:09]} {[%emt 00:00:10]} 13. Nd5 {[%clk 01:02:36]} {[%emt 00:15:47]} Qxd2
{[%clk 01:29:26]} {[%emt 00:00:13]} 14. Nxf6+ {[%clk 01:02:32]} {[%emt
00:00:35]} Bxf6 {[%clk 01:29:38]} {[%emt 00:00:18]} 15. Rxd2 {[%clk 01:03:00]}
{[%emt 00:00:02]} Bxd4 {[%clk 01:27:02]} {[%emt 00:03:06]} 16. Rxd4 {[%clk
01:03:28]} {[%emt 00:00:03]} Rc5 {[%clk 01:24:16]} {[%emt 00:03:16]} 17. h4
{[%clk 01:02:58]} {[%emt 00:00:59]} Rac8 {[%clk 01:20:20]} {[%emt 00:04:25]} 18.
Rd2 {[%clk 01:01:44]} {[%emt 00:01:45]} h6 {[%clk 01:18:33]} {[%emt 00:02:17]}
19. Bd3 {[%clk 01:00:17]} {[%emt 00:01:57]} Kg7 {[%clk 01:18:25]} {[%emt
00:00:37]} 20. Rg2 {[%clk 00:54:13]} {[%emt 00:06:35]} g5 {[%clk 01:14:07]}
{[%emt 00:04:48]} 21. hxg5 {[%clk 00:48:07]} {[%emt 00:06:36]} hxg5 {[%clk
01:14:24]} {[%emt 00:00:13]} 22. b4 {[%clk 00:47:10]} {[%emt 00:01:27]} R5c7
{[%clk 01:03:22]} {[%emt 00:11:31]} 23. Rh5 {[%clk 00:37:00]} {[%emt 00:10:40]}
f6 {[%clk 00:45:15]} {[%emt 00:18:37]} 24. Rgh2 {[%clk 00:35:14]} {[%emt
00:02:16]} Rg8 {[%clk 00:45:27]} {[%emt 00:00:19]} 25. Rh7+ {[%clk 00:33:29]}
{[%emt 00:02:15]} Kf8 {[%clk 00:45:46]} {[%emt 00:00:11]} 26. Kb2 {[%clk
00:33:10]} {[%emt 00:00:48]} Rg7 {[%clk 00:40:49]} {[%emt 00:05:27]} 27. Rh8+
{[%clk 00:33:29]} {[%emt 00:00:11]} Rg8 {[%clk 00:40:57]} {[%emt 00:00:21]} 28.
R8h7 {[%clk 00:33:36]} {[%emt 00:00:23]} Rg7 {[%clk 00:40:06]} {[%emt
00:01:21]} 29. Rh8+ {[%clk 00:32:00]} {[%emt 00:02:06]} Rg8 {[%clk 00:39:29]}
{[%emt 00:01:07]} 1/2-1/2

[Event "Tournoi norme de MI"]
[Site "PARIS"]
[Date "????.??.??"]
[Round "8.3"]
[White "Bonte, Andrei-Mihai"]
[Black "Vlachos, Anatole"]
[Result "0-1"]
[TimeControl "90mn+30s/c"]
[WhiteElo "2340"]
[BlackElo "2430"]

1. d4 {[%clk 01:30:58]} {[%emt 00:25:37]} d5 {[%clk 01:30:53]} {[%emt
00:00:07]} 2. Nf3 {[%clk 01:31:23]} {[%emt 00:00:05]} e6 {[%clk 01:31:16]}
{[%emt 00:00:07]} 3. c4 {[%clk 01:31:33]} {[%emt 00:00:20]} Nf6 {[%clk
01:31:34]} {[%emt 00:00:12]} 4. Nc3 {[%clk 01:31:51]} {[%emt 00:00:12]} c6
{[%clk 01:31:57]} {[%emt 00:00:06]} 5. e3 {[%clk 01:31:59]} {[%emt 00:00:22]}
Nbd7 {[%clk 01:32:23]} {[%emt 00:00:05]} 6. Qc2 {[%clk 01:32:24]} {[%emt
00:00:05]} Bd6 {[%clk 01:32:48]} {[%emt 00:00:05]} 7. b3 {[%clk 01:32:15]}
{[%emt 00:00:39]} O-O {[%clk 01:33:11]} {[%emt 00:00:06]} 8. Be2 {[%clk
01:32:38]} {[%emt 00:00:07]} Re8 {[%clk 01:29:45]} {[%emt 00:03:57]} 9. O-O
{[%clk 01:32:48]} {[%emt 00:00:20]} dxc4 {[%clk 01:29:19]} {[%emt 00:00:55]} 10.
bxc4 {[%clk 01:32:12]} {[%emt 00:01:07]} e5 {[%clk 01:29:24]} {[%emt 00:00:25]}
11. a4 {[%clk 01:29:17]} {[%emt 00:03:25]} Qe7 {[%emt 00:05:27]} 12. a5 {[%clk
01:22:42]} {[%emt 00:06:55]} e4 {[%clk 01:20:48]} {[%emt 00:04:19]} 13. Nd2
{[%clk 01:22:06]} {[%emt 00:01:06]} Nf8 {[%clk 01:21:11]} {[%emt 00:00:07]} 14.
Qb3 {[%clk 01:08:07]} {[%emt 00:14:30]} Qc7 {[%clk 00:51:50]} {[%emt 00:29:51]}
15. h3 {[%clk 00:55:23]} {[%emt 00:13:13]} Qd7 {[%clk 00:47:16]} {[%emt
00:05:05]} 16. f3 {[%clk 00:34:37]} {[%emt 00:21:16]} exf3 {[%clk 00:45:57]}
{[%emt 00:01:50]} 17. Nxf3 {[%clk 00:34:56]} {[%emt 00:00:10]} c5 {[%clk
00:41:50]} {[%emt 00:04:37]} 18. Bd3 {[%clk 00:24:58]} {[%emt 00:10:28]} Ng6
{[%clk 00:41:23]} {[%emt 00:00:57]} 19. Qc2 {[%clk 00:23:09]} {[%emt 00:02:18]}
Qe7 {[%clk 00:34:26]} {[%emt 00:07:27]} 20. Ng5 {[%clk 00:21:00]} {[%emt
00:02:39]} Bb8 {[%clk 00:30:18]} {[%emt 00:04:39]} 21. Qf2 {[%clk 00:09:57]}
{[%emt 00:11:33]} Be6 {[%clk 00:27:11]} {[%emt 00:03:38]} 22. Nxe6 {[%clk
00:05:44]} {[%emt 00:04:43]} Qxe6 {[%clk 00:25:46]} {[%emt 00:01:55]} 23. Rb1
{[%clk 00:05:34]} {[%emt 00:00:40]} Re7 {[%clk 00:23:14]} {[%emt 00:03:02]} 24.
g4 {[%clk 00:04:23]} {[%emt 00:01:41]} cxd4 {[%clk 00:22:56]} {[%emt 00:00:47]}
25. exd4 {[%clk 00:04:04]} {[%emt 00:00:48]} Nxg4 {[%clk 00:23:12]} {[%emt
00:00:15]} 26. hxg4 {[%clk 00:01:19]} {[%emt 00:03:15]} Qxg4+ {[%clk 00:23:40]}
{[%emt 00:00:03]} 27. Kh1 {[%clk 00:01:41]} {[%emt 00:00:07]} Qh3+ {[%clk
00:23:37]} {[%emt 00:00:33]} 28. Kg1 {[%clk 00:02:00]} {[%emt 00:00:11]} Nh4
{[%clk 00:17:17]} {[%emt 00:06:50]} 29. Be4 {[%clk 00:01:00]} {[%emt 00:01:30]}
Bg3 {[%clk 00:14:55]} {[%emt 00:02:52]} 30. Qc2 {[%clk 00:01:09]} {[%emt
00:00:21]} Rae8 {[%clk 00:14:10]} {[%emt 00:01:15]} 31. Bxh7+ {[%clk 00:00:43]}
{[%emt 00:00:57]} Kh8 {[%clk 00:14:33]} {[%emt 00:00:07]} 32. Bg5 {[%clk
00:00:48]} {[%emt 00:00:25]} Nf3+ {[%clk 00:14:37]} {[%emt 00:00:25]} 33. Rxf3
{[%clk 00:00:55]} {[%emt 00:00:23]} Re1+ {[%clk 00:15:03]} {[%emt 00:00:04]}
0-1